Quality Military Leadership a key to 'Victory India' / (Record no. 592889)

000 -LEADER
fixed length control field 00898nam a22001457a 4500
003 - CONTROL NUMBER IDENTIFIER
control field NUST
005 - DATE AND TIME OF LATEST TRANSACTION
control field 20230102125229.0
008 - FIXED-LENGTH DATA ELEMENTS--GENERAL INFORMATION
fixed length control field 230102b ||||| |||| 00| 0 eng d
082 ## - DEWEY DECIMAL CLASSIFICATION NUMBER
Classification number 355.330954,DAL
100 ## - MAIN ENTRY--PERSONAL NAME
Personal name Dalvi, Col Vinay B
9 (RLIN) 106607
245 ## - TITLE STATEMENT
Title Quality Military Leadership a key to 'Victory India' /
Statement of responsibility, etc. Col Vinay B Dalvi (Retd)
260 ## - PUBLICATION, DISTRIBUTION, ETC.
Place of publication, distribution, etc. India
Name of publisher, distributor, etc. Pantagon Press
Date of publication, distribution, etc. 2006
505 ## - FORMATTED CONTENTS NOTE
Formatted contents note Part I: Review of NDA- Redefining and refining the Academy (Page-3), Part II: Military Leadership Definitions, Selection and Training norms (Page-103), Part III: Review in Military affairs (RMA) and leadership models Military, other armies and corporate (Page-139), Part IV: Sports/ Fitness medicine and mind control (Page-175), Part V: Approach paper Military officers selection training with responses (Page-189), Part VI: Highlights and relevant facts (Page-203).
942 ## - ADDED ENTRY ELEMENTS (KOHA)
Source of classification or shelving scheme
Koha item type Book
Call number prefix 355.330954,DAL
Holdings
Withdrawn status Lost status Source of classification or shelving scheme Damaged status Not for loan Permanent Location Current Location Shelving location Date acquired Total Checkouts Full call number Barcode Date last seen Price effective from Koha item type Public note
          Military College of Signals (MCS) Military College of Signals (MCS) General Stacks 01/02/2023   355.330954,DAL MCS37541 01/02/2023 01/02/2023 Book Almirah No.53, Shelf No.2
          Military College of Signals (MCS) Military College of Signals (MCS) General Stacks 01/02/2023   355.330954,DAL MCS37612 01/02/2023 01/02/2023 Book Almirah No.53, Shelf No.2
© 2023 Central Library, National University of Sciences and Technology. All Rights Reserved.